000
00316nam a2200133Ia 4500
005
20251222143311.0
008
251222s9999||||xx |||||||||||||| ||spa||
020
_a
9978-9720-5-4
082
_a
322.485/D71
100
_a
Díaz Palacios, Julio
245
0
_a
La Incidencia Política:
264
_b
DFID
942
_c
LIB
999
_c
15727
_d
15727